zpět

Detail výsledku týmu

KUPE, Opava

Datum a čas kvízu

39 Celkem bodů Celkový počet nahraných bodů na tomto kvízu bez doplňovacích otázek.
2. Pořadí na kvízu Konečné umístění týmu na tomto kvízu.

Zaznamenané odpovědi

# Otázka Odpověď Body Výsledky
1. Který český politik zveřejnil... Vít Rakušan 1
2. Na mezinárodní vesmírnou stani... americká (3 členové), ruská (1 člen) 1
3. Po Taťáně Kuchařové, která tri... Krystyna Pyszková 1
4. Společnost ČEZ podepsala dohod... z Francie 1
5. V pondělí byl představen ofici... Invalidovna 0
6. Začneme prvním českým králem p... Rudolf (I. Habsburský) 1
7. Další „slavnou“ prohrou, která... ve Francii 0
8. V bitvě u Lipan, kterou řadí m... Prokop 0
9. Bitva na Bílé hoře zpečetila o... listopad 1620 1
10. Mnichovská dohoda je typickým... appeasement 1